[Event "CAN-op U2200"]
[Site "Sault Ste Marie CAN"]
[Date "2017.07.11"]
[Round "1.23"]
[White "Warusawitharana, Missaka N"]
[Black "Groot-Lipman, Jeff"]
[Result "1-0"]
[WhiteElo "2178"]
[BlackElo "1909"]
[WhiteFideId "-1"]
[WhiteFideId "-1"]
[PlyCount "81"]
[GameId "2160767908344230"]
[EventDate "2017.07.08"]
[EventType "swiss"]
[EventRounds "9"]
[EventCountry "CAN"]
[SourceTitle "EXT 2022"]
[Source "ChessBase"]
[SourceDate "2021.10.06"]
[SourceVersion "1"]
[SourceVersionDate "2021.10.06"]
[SourceQuality "1"]

1. e4 e6 2. d3 d5 3. Nd2 c5 4. g3 Nc6 5. Bg2 Nf6 6. Ngf3 b5 7. O-O Bb7 8. Re1 dxe4 9. dxe4 e5 10. Qe2 c4 11. a4 a6 12. axb5 axb5 13. Rxa8 Bxa8 14. c3 Bc5 15. h3 Qe7 16. b3 cxb3 17. Qxb5 O-O 18. Nxb3 Ba7 19. Qa4 Rc8 20. Be3 Bxe3 21. Rxe3 Nd8 22. Nfd2 Bc6 23. Qa5 Nd7 24. c4 Nb7 25. Qc3 Nbc5 26. Nxc5 Nxc5 27. Nb3 Nxb3 28. Qxb3 Qc5 29. Bf1 Bd7 30. Qa3 f6 31. Qxc5 Rxc5 32. Ra3 Be6 33. f3 Kf7 34. Kf2 g6 35. Ke3 f5 36. Kd2 Kf6 37. Kc3 f4 38. gxf4 exf4 39. Kd4 Rc8 40. e5+ Kf5 41. Ra6 1-0

[Event "CAN-op U2200"]
[Site "Sault Ste Marie CAN"]
[Date "2017.07.11"]
[Round "1.25"]
[White "Ranola, Alberto"]
[Black "Botez, Andrea"]
[Result "0-1"]
[WhiteElo "2075"]
[BlackElo "1887"]
[WhiteFideId "-1"]
[WhiteFideId "-1"]
[PlyCount "68"]
[GameId "2160767908344231"]
[EventDate "2017.07.08"]
[EventType "swiss"]
[EventRounds "9"]
[EventCountry "CAN"]
[SourceTitle "hb 2017"]

1. Nf3 g6 2. c4 Bg7 3. g3 d6 4. Bg2 e5 5. Nc3 Nc6 6. O-O Nf6 7. d4 O-O 8. d5 Ne7 9. e4 h6 10. h3 Nd7 11. Be3 f5 12. Qd2 Kh7 13. Qc2 Nf6 14. Rad1 g5 15. exf5 Bxf5 16. Qe2 Qd7 17. Kh2 Bg6 18. Nd2 Nf5 19. Nde4 Ng8 20. c5 a6 21. c6 Qc8 22. Qc4 Nge7 23. g4 Nh4 24. Bxg5 hxg5 25. Nxg5+ Kg8 26. Ne6 Rf7 27. Be4 bxc6 28. dxc6 Bxe4 29. Nxg7 Nf3+ 30. Kg3 d5 31. Qc5 Kxg7 32. Nxe4 dxe4 33. Rd7 Qf8 34. Rxc7 Nf5+ 0-1

[Event "CAN-op U2200"]
[Site "Sault Ste Marie CAN"]
[Date "2017.07.11"]
[Round "2"]
[White "Aniunoh, Chike Jude"]
[Black "Li, Eric M"]
[Result "1-0"]
[WhiteElo "2153"]
[BlackElo "1992"]
[WhiteFideId "-1"]
[WhiteFideId "-1"]
[PlyCount "83"]
[GameId "2160767908344232"]
[EventDate "2017.07.08"]
[EventType "swiss"]
[EventRounds "9"]
[EventCountry "CAN"]
[SourceTitle "EXT 2022"]
[Source "ChessBase"]
[SourceDate "2021.10.06"]
[SourceVersion "1"]
[SourceVersionDate "2021.10.06"]
[SourceQuality "1"]

1. e4 c5 2. Nc3 Nc6 3. Bb5 d6 4. Bxc6+ bxc6 5. d3 e5 6. f4 exf4 7. Bxf4 Nf6 8. Nf3 Be7 9. O-O Bg4 10. Qe1 O-O 11. Qg3 Bxf3 12. Qxf3 d5 13. Rae1 d4 14. Na4 Nd7 15. b3 Nb6 16. Nb2 Qd7 17. Qg3 Kh8 18. a4 Rad8 19. a5 Nc8 20. Nc4 Nd6 21. Bxd6 Bxd6 22. Qxd6 Qxd6 23. Nxd6 Rxd6 24. Rf5 g6 25. Rxc5 Rfd8 26. Ra1 Kg7 27. Ra4 Rb8 28. Rcc4 Rb5 29. Rxd4 Rxd4 30. Rxd4 Rxa5 31. Rc4 c5 32. Ra4 Rb5 33. Rxa7 Kf6 34. Rd7 Ke6 35. Rd5 f5 36. d4 fxe4 37. Rxc5 Rb4 38. Re5+ Kd6 39. Rxe4 Kd5 40. Rh4 Rb7 41. c4+ Ke6 42. Rh3 1-0

[Event "CAN-op U2200"]
[Site "Sault Ste Marie CAN"]
[Date "2017.07.11"]
[Round "2"]
[White "Botez, Andrea"]
[Black "Saine, Zachary"]
[Result "0-1"]
[WhiteElo "1887"]
[BlackElo "1966"]
[WhiteFideId "-1"]
[WhiteFideId "-1"]
[PlyCount "80"]
[GameId "2160767908344233"]
[EventDate "2017.07.08"]
[EventType "swiss"]
[EventRounds "9"]
[EventCountry "CAN"]
[SourceTitle "EXT 2022"]
[Source "ChessBase"]
[SourceDate "2021.10.06"]
[SourceVersion "1"]
[SourceVersionDate "2021.10.06"]
[SourceQuality "1"]

1. d4 d5 2. Bf4 e6 3. e3 Bd6 4. Bg3 Nf6 5. Nf3 O-O 6. Bd3 c5 7. c3 b6 8. Nbd2 Bb7 9. O-O Ne4 10. Qc2 f5 11. Bxd6 Qxd6 12. Ne5 Nc6 13. Ndf3 Rae8 14. Qe2 c4 15. Bc2 b5 16. Nxc6 Bxc6 17. Bxe4 dxe4 18. Ne5 Bd5 19. a4 b4 20. a5 Rb8 21. Ra4 Rfc8 22. Qd2 Rb5 23. f3 exf3 24. gxf3 Rcb8 25. Ra2 bxc3 26. bxc3 Rb1 27. Qc2 R1b3 28. e4 fxe4 29. fxe4 Ba8 30. Rf7 Rb1+ 31. Kg2 Qd8 32. Qd2 Bxe4+ 33. Kg3 Rg1+ 34. Kf4 Qh4+ 35. Ke3 Re1+ 36. Qxe1 Qxe1+ 37. Re2 Qxc3+ 38. Kxe4 Rd8 39. Rd7 Rxd7 40. Nxd7 Qd3+ 0-1

[Event "CAN-op U2200"]
[Site "Sault Ste Marie CAN"]
[Date "2017.07.11"]
[Round "2"]
[White "Calvelo, Jelvis"]
[Black "Kuttner, Simon"]
[Result "1-0"]
[WhiteElo "2187"]
[BlackElo "2040"]
[WhiteFideId "-1"]
[WhiteFideId "-1"]
[PlyCount "47"]
[GameId "2160767908344234"]
[EventDate "2017.07.08"]
[EventType "swiss"]
[EventRounds "9"]
[EventCountry "CAN"]
[SourceTitle "EXT 2022"]
[Source "ChessBase"]
[SourceDate "2021.10.06"]
[SourceVersion "1"]
[SourceVersionDate "2021.10.06"]
[SourceQuality "1"]

1. d4 d5 2. c4 e6 3. Nf3 Nf6 4. g3 Be7 5. Bg2 O-O 6. Qc2 b6 7. Ne5 Bb7 8. O-O Nfd7 9. Nc3 c6 10. cxd5 Nxe5 11. dxe5 exd5 12. Rd1 Qc8 13. e4 Rd8 14. Be3 Na6 15. a3 Nc7 16. Rac1 Qe6 17. f4 c5 18. f5 Qd7 19. exd5 Nb5 20. Nxb5 Qxb5 21. d6 Bxg2 22. dxe7 Rxd1+ 23. Rxd1 Re8 24. Qxg2 1-0

[Event "CAN-op U2200"]
[Site "Sault Ste Marie CAN"]
[Date "2017.07.11"]
[Round "2"]
[White "Drkulec, Vladimir"]
[Black "Shah, Omar"]
[Result "1/2-1/2"]
[WhiteElo "2000"]
[BlackElo "1879"]
[WhiteFideId "-1"]
[WhiteFideId "-1"]
[PlyCount "119"]
[GameId "2160767908344235"]
[EventDate "2017.07.08"]
[EventType "swiss"]
[EventRounds "9"]
[EventCountry "CAN"]
[SourceTitle "EXT 2022"]
[Source "ChessBase"]
[SourceDate "2021.10.06"]
[SourceVersion "1"]
[SourceVersionDate "2021.10.06"]
[SourceQuality "1"]

1. Nf3 Nf6 2. g3 b6 3. Bg2 Bb7 4. b3 c5 5. c4 e6 6. O-O Be7 7. Bb2 O-O 8. d4 cxd4 9. Bxd4 d6 10. Nc3 Nc6 11. Be3 Ng4 12. Bd2 Nb8 13. Qc2 Nf6 14. Rfd1 a6 15. Bf4 Qc7 16. Rac1 Nbd7 17. h3 Rac8 18. e4 Rfd8 19. Qe2 Qb8 20. g4 Qa8 21. Bxd6 Bxd6 22. Rxd6 Nxe4 23. Nxe4 Bxe4 24. Rcd1 Nc5 25. Ne1 Bxg2 26. Nxg2 Qb8 27. Qd2 Nb7 28. Rd3 Rxd3 29. Qxd3 Rd8 30. Qe2 Rd6 31. Ne3 Qd8 32. Qf3 Rxd1+ 33. Nxd1 Qd7 34. Nc3 Kf8 35. Kf1 Ke7 36. Ke2 Nc5 37. Qe3 Qd6 38. b4 Nd7 39. a3 Qe5 40. f4 Qxe3+ 41. Kxe3 Kd6 42. Ne4+ Ke7 43. Kd4 h6 44. a4 f5 45. Nf2 g5 46. gxf5 exf5 47. c5 bxc5+ 48. bxc5 Ke6 49. c6 Nb6 50. a5 Nc8 51. fxg5 hxg5 52. Nd3 Kd6 53. Nb4 Ne7 54. c7 Kxc7 55. Nxa6+ Kd6 56. Nb4 Nc6+ 57. Nxc6 Kxc6 58. Ke5 f4 59. Ke4 Kb5 60. h4 1/2-1/2

[Event "CAN-op U2200"]
[Site "Sault Ste Marie CAN"]
[Date "2017.07.11"]
[Round "2"]
[White "Ehab, Mohamed"]
[Black "Chernik, Dmitry"]
[Result "1-0"]
[WhiteElo "2057"]
[BlackElo "2041"]
[WhiteFideId "-1"]
[WhiteFideId "-1"]
[PlyCount "91"]
[GameId "2160767908344236"]
[EventDate "2017.07.08"]
[EventType "swiss"]
[EventRounds "9"]
[EventCountry "CAN"]
[SourceTitle "EXT 2022"]
[Source "ChessBase"]
[SourceDate "2021.10.06"]
[SourceVersion "1"]
[SourceVersionDate "2021.10.06"]
[SourceQuality "1"]

1. d4 d6 2. e4 Nf6 3. Nc3 e5 4. Nf3 Nbd7 5. Bc4 Be7 6. a4 c6 7. O-O O-O 8. Re1 a5 9. h3 Re8 10. Ba2 Qc7 11. Ng5 Rf8 12. Nf3 h6 13. Nh4 Re8 14. Nf5 Bf8 15. dxe5 Nxe5 16. Nd4 Bd7 17. Be3 Qc8 18. f4 Ng6 19. Qf3 c5 20. Ndb5 Bc6 21. Qg3 Bxb5 22. axb5 c4 23. f5 Ne5 24. Bxh6 Nh5 25. Qh4 gxh6 26. Qxh5 Qc5+ 27. Kh1 f6 28. Nd5 Bg7 29. Re3 Rad8 30. Rg3 Kh7 31. Rf1 Rf8 32. Rf4 Rd7 33. b3 Qxb5 34. bxc4 Qb2 35. Bb3 a4 36. Bxa4 Qa1+ 37. Kh2 Qxa4 38. Rh4 Qxc2 39. Rxg7+ Kxg7 40. Qxh6+ Kf7 41. Qh5+ Kg8 42. Qh8+ Kf7 43. Rh7+ Ke8 44. Nxf6+ Kd8 45. Qxf8+ Kc7 46. Nd5+ 1-0

[Event "CAN-op U2200"]
[Site "Sault Ste Marie CAN"]
[Date "2017.07.11"]
[Round "2"]
[White "Gaisinsky, Adam"]
[Black "Kiviaho, Robert"]
[Result "1/2-1/2"]
[WhiteElo "2056"]
[BlackElo "2191"]
[WhiteFideId "-1"]
[WhiteFideId "-1"]
[PlyCount "110"]
[GameId "2160767908344237"]
[EventDate "2017.07.08"]
[EventType "swiss"]
[EventRounds "9"]
[EventCountry "CAN"]
[SourceTitle "EXT 2022"]
[Source "ChessBase"]
[SourceDate "2021.10.06"]
[SourceVersion "1"]
[SourceVersionDate "2021.10.06"]
[SourceQuality "1"]

1. e4 c5 2. Nf3 d6 3. d4 cxd4 4. Nxd4 Nf6 5. Nc3 g6 6. Be3 Bg7 7. f3 Nc6 8. Qd2 Bd7 9. g4 Rc8 10. h4 h5 11. gxh5 Rxh5 12. f4 a6 13. Be2 Bg4 14. O-O-O Na5 15. Bxg4 Nc4 16. Qd3 Nxg4 17. Bg1 Nf6 18. b3 Nb6 19. Rh3 Nbd7 20. Qe2 Qa5 21. Kb2 b5 22. Bf2 b4 23. Nb1 Rhc5 24. Rc1 e5 25. fxe5 Rxe5 26. c3 Rxe4 27. Re3 d5 28. cxb4 Qd8 29. Rxc8 Qxc8 30. Nc3 Rxe3 31. Qxe3+ Kf8 32. Qf4 Kg8 33. a3 Kh7 34. Be3 Nf8 35. Nce2 Ne6 36. Qd6 Nc7 37. Qc6 Nfe8 38. Bd2 Qg4 39. Bc3 Qxh4 40. a4 Qe4 41. b5 axb5 42. axb5 Qe5 43. b6 Na6 44. Qb7 Nc5 45. Qxf7 Nd6 46. Qf3 Nde4 47. Qh3+ Qh5 48. Qxh5+ gxh5 49. Nf3 Nxc3 50. Nxc3 d4 51. Nd5 d3+ 52. Kc1 Nxb3+ 53. Kd1 Nc5 54. Nf4 Kh6 55. Nxd3 Nb7 1/2-1/2

[Event "CAN-op U2200"]
[Site "Sault Ste Marie CAN"]
[Date "2017.07.11"]
[Round "2"]
[White "Groot-Lipman, Jeff"]
[Black "Ellis, James"]
[Result "1/2-1/2"]
[WhiteElo "1909"]
[BlackElo "1853"]
[WhiteFideId "-1"]
[WhiteFideId "-1"]
[PlyCount "36"]
[GameId "2160767908344238"]
[EventDate "2017.07.08"]
[EventType "swiss"]
[EventRounds "9"]
[EventCountry "CAN"]
[SourceTitle "EXT 2022"]
[Source "ChessBase"]
[SourceDate "2021.10.06"]
[SourceVersion "1"]
[SourceVersionDate "2021.10.06"]
[SourceQuality "1"]

1. Nc3 d5 2. d4 Nf6 3. Bf4 g6 4. Qd2 Bg7 5. f3 O-O 6. Bh6 c5 7. Bxg7 Kxg7 8. O-O-O cxd4 9. Qxd4 Nc6 10. Qd2 Qa5 11. e3 Be6 12. Nge2 d4 13. Nxd4 Nxd4 14. exd4 Bxa2 15. Nb1 Qc7 16. Nc3 Qa5 17. Nb1 Qc7 18. Nc3 Qa5 1/2-1/2

[Event "CAN-op U2200"]
[Site "Sault Ste Marie CAN"]
[Date "2017.07.11"]
[Round "2"]
[White "Javidfard, Amirsalar"]
[Black "Aird, Ian"]
[Result "1-0"]
[WhiteElo "1958"]
[BlackElo "1978"]
[WhiteFideId "-1"]
[WhiteFideId "-1"]
[PlyCount "59"]
[GameId "2160767908344239"]
[EventDate "2017.07.08"]
[EventType "swiss"]
[EventRounds "9"]
[EventCountry "CAN"]
[SourceTitle "EXT 2022"]
[Source "ChessBase"]
[SourceDate "2021.10.06"]
[SourceVersion "1"]
[SourceVersionDate "2021.10.06"]
[SourceQuality "1"]

1. d4 e6 2. c4 Nf6 3. Nf3 Bb4+ 4. Bd2 c5 5. g3 Qb6 6. Bxb4 cxb4 7. Bg2 O-O 8. O-O d6 9. Nbd2 Nc6 10. e3 Bd7 11. Ng5 Rad8 12. Nde4 Nxe4 13. Nxe4 Be8 14. Qc2 Qa5 15. c5 dxc5 16. dxc5 f6 17. Nd6 Qc7 18. Qb3 Qe7 19. Bh3 Ne5 20. f4 Nf7 21. Bxe6 Kh8 22. Nxf7+ Bxf7 23. Bxf7 Rxf7 24. Rac1 Rff8 25. Rf2 Rfe8 26. Re2 Qe4 27. Kf2 Rd3 28. Qc4 g5 29. Qxe4 Rxe4 30. c6 1-0

[Event "CAN-op U2200"]
[Site "Sault Ste Marie CAN"]
[Date "2017.07.11"]
[Round "2"]
[White "Kang, Dorian"]
[Black "Warusawitharana, Missaka N"]
[Result "0-1"]
[WhiteElo "2026"]
[BlackElo "2178"]
[WhiteFideId "-1"]
[WhiteFideId "-1"]
[PlyCount "120"]
[GameId "2160767908344240"]
[EventDate "2017.07.08"]
[EventType "swiss"]
[EventRounds "9"]
[EventCountry "CAN"]
[SourceTitle "EXT 2022"]
[Source "ChessBase"]
[SourceDate "2021.10.06"]
[SourceVersion "1"]
[SourceVersionDate "2021.10.06"]
[SourceQuality "1"]

1. c4 e6 2. Nc3 d5 3. d4 Nf6 4. Bg5 Be7 5. Nf3 O-O 6. e3 h6 7. Bh4 b6 8. cxd5 Nxd5 9. Bxe7 Qxe7 10. e4 Nxc3 11. bxc3 c5 12. Bd3 Nd7 13. O-O Bb7 14. Re1 cxd4 15. cxd4 Nf6 16. Rc1 Rac8 17. Rxc8 Rxc8 18. Ne5 Qb4 19. Bb1 Qb2 20. f3 Rd8 21. h3 Rxd4 22. Qc1 Qxc1 23. Rxc1 Nd7 24. Nxd7 Rxd7 25. Kf2 Kf8 26. Ke3 Ba6 27. e5 Ke7 28. Be4 Kd8 29. f4 Bb7 30. Bxb7 Rxb7 31. Rc2 Rc7 32. Rd2+ Kc8 33. Kf3 Rd7 34. Rc2+ Kb7 35. Ke3 b5 36. Rb2 Kb6 37. a4 a6 38. axb5 axb5 39. Rc2 b4 40. Rc8 h5 41. Rb8+ Kc5 42. Rc8+ Kb5 43. Rb8+ Kc4 44. Rc8+ Kb3 45. Rg8 g6 46. Rb8 Kc3 47. Rc8+ Kb2 48. Rb8 b3 49. Rc8 Ka2 50. Ra8+ Kb1 51. Rb8 b2 52. g4 hxg4 53. hxg4 Ra7 54. Kd2 Ka2 55. Kc2 Rc7+ 56. Kd2 b1=Q 57. Ra8+ Kb2 58. Rb8+ Ka1 59. Ra8+ Qa2+ 60. Rxa2+ Kxa2 0-1

[Event "CAN-op U2200"]
[Site "Sault Ste Marie CAN"]
[Date "2017.07.11"]
[Round "2"]
[White "Piccinin, Mario"]
[Black "Ranola, Alberto"]
[Result "1-0"]
[WhiteElo "1826"]
[BlackElo "2075"]
[WhiteFideId "-1"]
[WhiteFideId "-1"]
[PlyCount "113"]
[GameId "2160767908344242"]
[EventDate "2017.07.08"]
[EventType "swiss"]
[EventRounds "9"]
[EventCountry "CAN"]
[SourceTitle "EXT 2022"]
[Source "ChessBase"]
[SourceDate "2021.10.06"]
[SourceVersion "1"]
[SourceVersionDate "2021.10.06"]
[SourceQuality "1"]

1. f4 Nf6 2. Nf3 c5 3. e3 Nc6 4. Be2 g6 5. d3 Bg7 6. O-O d5 7. Nc3 d4 8. Ne4 b6 9. Nxf6+ exf6 10. e4 O-O 11. Qe1 f5 12. exf5 Bxf5 13. Nh4 Bd7 14. Bf3 Re8 15. Qg3 Rc8 16. f5 Bf6 17. fxg6 hxg6 18. Nxg6 Bg7 19. Nh4 Kf8 20. Be4 Be6 21. Ng6+ Kg8 22. Bg5 Qd7 23. Nh4 Qc7 24. Rf4 Ne7 25. Bf6 Ng6 26. Nxg6 Bxf6 27. Rxf6 Qxg3 28. hxg3 fxg6 29. Rxg6+ Kf7 30. Rf1+ Ke7 31. Rg7+ Kd6 32. Rxa7 Rg8 33. Rf3 Rg5 34. a4 c4 35. Rb7 Kc5 36. dxc4 Bxc4 37. Rf5+ Rxf5 38. Bxf5 Re8 39. g4 Re2 40. Bd3 Bxd3 41. cxd3 Rd2 42. b4+ Kc6 43. Rb8 Kc7 44. Re8 Rxd3 45. Re4 Kd6 46. a5 b5 47. Kf2 Kd5 48. Re8 Kc4 49. g5 Rd2+ 50. Re2 Rd1 51. g6 d3 52. Re1 Rd2+ 53. Kf3 Rb2 54. g7 d2 55. g8=Q+ Kxb4 56. Rd1 Kxa5 57. Qd8+ 1-0

[Event "CAN-op U2200"]
[Site "Sault Ste Marie CAN"]
[Date "2017.07.11"]
[Round "2"]
[White "Rowlinson, Terry"]
[Black "Wu, Chenxi"]
[Result "1-0"]
[WhiteElo "1937"]
[BlackElo "1904"]
[WhiteFideId "-1"]
[WhiteFideId "-1"]
[PlyCount "55"]
[GameId "2160767908344243"]
[EventDate "2017.07.08"]
[EventType "swiss"]
[EventRounds "9"]
[EventCountry "CAN"]
[SourceTitle "EXT 2022"]
[Source "ChessBase"]
[SourceDate "2021.10.06"]
[SourceVersion "1"]
[SourceVersionDate "2021.10.06"]
[SourceQuality "1"]

1. d4 Nf6 2. Bf4 e6 3. e3 b6 4. Be2 Bb7 5. Bf3 Ne4 6. Nd2 f5 7. Nxe4 fxe4 8. Bh5+ g6 9. Bg4 Bg7 10. Qd2 Na6 11. h4 h6 12. h5 g5 13. Bg3 Qe7 14. Ne2 O-O-O 15. Nc3 Kb8 16. Be2 e5 17. d5 Nc5 18. O-O d6 19. a4 Bf6 20. a5 Rhg8 21. axb6 cxb6 22. Ra2 g4 23. b4 Nd7 24. Rfa1 Bh4 25. Rxa7 Bxg3 26. fxg3 Nf6 27. Bb5 Rc8 28. Bc6 1-0

[Event "CAN-op U2200"]
[Site "Sault Ste Marie CAN"]
[Date "2017.07.11"]
[Round "2"]
[White "Villeneuve, Robert"]
[Black "Ning, Eric"]
[Result "1-0"]
[WhiteElo "1865"]
[BlackElo "1922"]
[WhiteFideId "-1"]
[WhiteFideId "-1"]
[PlyCount "71"]
[GameId "2160767908344245"]
[EventDate "2017.07.08"]
[EventType "swiss"]
[EventRounds "9"]
[EventCountry "CAN"]
[SourceTitle "EXT 2022"]
[Source "ChessBase"]
[SourceDate "2021.10.06"]
[SourceVersion "1"]
[SourceVersionDate "2021.10.06"]
[SourceQuality "1"]

1. e4 c5 2. Nf3 Nc6 3. d4 cxd4 4. Nxd4 g6 5. Nc3 Bg7 6. Be3 Nf6 7. Bc4 O-O 8. Bb3 d6 9. f3 Bd7 10. Qd2 Na5 11. O-O-O Nxb3+ 12. Nxb3 b5 13. g4 b4 14. Ne2 a5 15. Kb1 Bb5 16. h4 Bxe2 17. Qxe2 Qc7 18. h5 Rfc8 19. hxg6 hxg6 20. Bh6 Bxh6 21. Rxh6 Kg7 22. Rdh1 e5 23. Qd2 Kf8 24. Rh8+ Ke7 25. R8h2 Qa7 26. Rd1 Rc6 27. Nc1 Qb6 28. Nd3 Qb5 29. Qg5 Ke6 30. Nf4+ Kd7 31. Qxf6 Kc7 32. Nd5+ Kb7 33. Qxf7+ Ka6 34. Nc7+ Rxc7 35. Qxc7 d5 36. Qd6+ 1-0

[Event "CAN-op U2200"]
[Site "Sault Ste Marie CAN"]
[Date "2017.07.11"]
[Round "2"]
[White "Wang, Jeff"]
[Black "Lambruschini, Alex"]
[Result "1-0"]
[WhiteElo "1939"]
[BlackElo "1837"]
[WhiteFideId "-1"]
[WhiteFideId "-1"]
[PlyCount "79"]
[GameId "2160767908344246"]
[EventDate "2017.07.08"]
[EventType "swiss"]
[EventRounds "9"]
[EventCountry "CAN"]
[SourceTitle "EXT 2022"]
[Source "ChessBase"]
[SourceDate "2021.10.06"]
[SourceVersion "1"]
[SourceVersionDate "2021.10.06"]
[SourceQuality "1"]

1. d4 Nf6 2. c4 e6 3. g3 d5 4. Nf3 c6 5. Bg2 Bd6 6. O-O O-O 7. Nfd2 Nbd7 8. Nc3 Re8 9. e4 dxe4 10. Ndxe4 Nxe4 11. Nxe4 Be7 12. Bf4 Nf6 13. Re1 Nxe4 14. Bxe4 Bf6 15. Be5 Bxe5 16. dxe5 Qxd1 17. Rexd1 Kf8 18. Rd6 Ke7 19. Rad1 c5 20. Bxb7 Bxb7 21. Rd7+ Kf8 22. Rxb7 Rab8 23. Rxa7 Re7 24. Rxe7 Kxe7 25. Rd2 Rb4 26. b3 Rb7 27. Kf1 Rb6 28. Ke2 Ra6 29. Kd1 Rb6 30. Kc2 Ra6 31. Kb2 Ke8 32. a3 Rb6 33. f4 Ke7 34. Ka2 Ra6 35. Kb2 Rb6 36. Kc3 Ra6 37. a4 Rb6 38. a5 Ra6 39. b4 cxb4+ 40. Kxb4 1-0

[Event "CAN-op U2200"]
[Site "Sault Ste Marie CAN"]
[Date "2017.07.11"]
[Round "2"]
[White "Zhao, Ian"]
[Black "Zapata, Julian"]
[Result "1-0"]
[WhiteElo "1930"]
[BlackElo "1876"]
[WhiteFideId "-1"]
[WhiteFideId "-1"]
[PlyCount "69"]
[GameId "2160767908344248"]
[EventDate "2017.07.08"]
[EventType "swiss"]
[EventRounds "9"]
[EventCountry "CAN"]
[SourceTitle "EXT 2022"]
[Source "ChessBase"]
[SourceDate "2021.10.06"]
[SourceVersion "1"]
[SourceVersionDate "2021.10.06"]
[SourceQuality "1"]

1. e4 e5 2. Nf3 Nc6 3. Bc4 Nf6 4. d3 Bc5 5. c3 O-O 6. O-O d6 7. Nbd2 Be6 8. Bb3 d5 9. exd5 Bxd5 10. Bc2 a5 11. Qe2 Re8 12. Ne4 Nxe4 13. dxe4 Be6 14. Ng5 h6 15. Nxe6 Rxe6 16. Bb3 Rd6 17. Bxf7+ Kh8 18. Be3 Bxe3 19. Qxe3 Rd2 20. Rab1 Qg5 21. Qxg5 hxg5 22. Rfd1 Rad8 23. Rxd2 Rxd2 24. Kf1 a4 25. Bc4 Na5 26. Be6 b5 27. Bg4 c6 28. Ke1 Rd8 29. Rd1 Ra8 30. Be6 a3 31. b3 c5 32. Bd5 Rd8 33. b4 cxb4 34. cxb4 Nc4 35. Bxc4 1-0

[Event "CAN-op U2200"]
[Site "Sault Ste Marie CAN"]
[Date "2017.07.12"]
[Round "3"]
[White "Aird, Ian"]
[Black "Drkulec, Vladimir"]
[Result "1-0"]
[WhiteElo "1978"]
[BlackElo "2000"]
[WhiteFideId "-1"]
[WhiteFideId "-1"]
[PlyCount "67"]
[GameId "2160767908344249"]
[EventDate "2017.07.08"]
[EventType "swiss"]
[EventRounds "9"]
[EventCountry "CAN"]
[SourceTitle "EXT 2022"]
[Source "ChessBase"]
[SourceDate "2021.10.06"]
[SourceVersion "1"]
[SourceVersionDate "2021.10.06"]
[SourceQuality "1"]

1. c4 b6 2. Nc3 c5 3. Nf3 Nc6 4. e3 Nf6 5. d4 cxd4 6. exd4 d5 7. cxd5 Nxd5 8. Bb5 Bb7 9. Ne5 Rc8 10. Qf3 f6 11. Nxc6 Bxc6 12. Bxc6+ Rxc6 13. Qxd5 Rd6 14. Qb5+ Kf7 15. Be3 e6 16. O-O h5 17. Rfd1 g5 18. d5 e5 19. Ne4 Rd7 20. d6 Bh6 21. Qd5+ Kg6 22. Ng3 h4 23. Qe4+ Kf7 24. Nf5 Bf8 25. h3 Ke6 26. Rac1 Kf7 27. Rd2 Ke6 28. b4 Kf7 29. b5 Ke6 30. Rc6 Kf7 31. Rdc2 Qa8 32. Qd5+ Kg6 33. Qe6 Qb7 34. Bd2 1-0

[Event "CAN-op U2200"]
[Site "Sault Ste Marie CAN"]
[Date "2017.07.12"]
[Round "3"]
[White "Botez, Andrea"]
[Black "Kang, Dorian"]
[Result "0-1"]
[WhiteElo "1887"]
[BlackElo "2026"]
[WhiteFideId "-1"]
[WhiteFideId "-1"]
[PlyCount "94"]
[GameId "2160767908344250"]
[EventDate "2017.07.08"]
[EventType "swiss"]
[EventRounds "9"]
[EventCountry "CAN"]
[SourceTitle "EXT 2022"]
[Source "ChessBase"]
[SourceDate "2021.10.06"]
[SourceVersion "1"]
[SourceVersionDate "2021.10.06"]
[SourceQuality "1"]

1. d4 e6 2. Bf4 f5 3. Nf3 Nf6 4. Nc3 d6 5. h3 g6 6. e3 Bg7 7. Bd3 O-O 8. Bg5 Qe7 9. e4 e5 10. O-O c6 11. Re1 f4 12. Qe2 Nbd7 13. Bc4+ Kh8 14. Rad1 h6 15. Bxf6 Bxf6 16. Bb3 exd4 17. Nxd4 Bxd4 18. Rxd4 Ne5 19. Kh2 f3 20. Qd2 Qh4 21. Rxd6 fxg2 22. Re3 Ng4+ 23. Kg1 Nxe3 24. Qxe3 Bxh3 25. Rxg6 Rf6 26. Rg3 Bg4 27. Kxg2 Raf8 28. Qd4 Qh5 29. Kg1 Bf3 30. Rxf3 Qxf3 31. Nd1 Qg4+ 32. Kf1 Qg7 33. e5 Rf4 34. Qe3 Qg4 35. c3 Qf3 36. Qxf3 Rxf3 37. Ke2 R3f5 38. e6 Kg7 39. Kd3 Kf6 40. Ne3 Rxf2 41. Ng4+ Ke7 42. Nxh6 Rxb2 43. Ke4 Re2+ 44. Kd3 Rxe6 45. Bxe6 Kxe6 46. Kc4 Rf4+ 47. Kb3 Rh4 0-1

[Event "CAN-op U2200"]
[Site "Sault Ste Marie CAN"]
[Date "2017.07.12"]
[Round "3"]
[White "Kiviaho, Robert"]
[Black "Aniunoh, Chike Jude"]
[Result "0-1"]
[WhiteElo "2191"]
[BlackElo "2153"]
[WhiteFideId "-1"]
[WhiteFideId "-1"]
[PlyCount "116"]
[GameId "2160767908344253"]
[EventDate "2017.07.08"]
[EventType "swiss"]
[EventRounds "9"]
[EventCountry "CAN"]
[SourceTitle "EXT 2022"]
[Source "ChessBase"]
[SourceDate "2021.10.06"]
[SourceVersion "1"]
[SourceVersionDate "2021.10.06"]
[SourceQuality "1"]

1. e4 e6 2. d4 d5 3. Nc3 Be7 4. Nf3 Nf6 5. Bd3 b6 6. O-O O-O 7. Re1 Bb7 8. Qe2 dxe4 9. Nxe4 Nxe4 10. Bxe4 Bxe4 11. Qxe4 Nd7 12. Bf4 Nf6 13. Qe2 c5 14. Rad1 Qc8 15. d5 Nxd5 16. Rxd5 exd5 17. Qxe7 Re8 18. Qg5 Rxe1+ 19. Nxe1 Qe6 20. Nf3 Re8 21. h4 d4 22. Bd2 Qxa2 23. Qf5 Qe6 24. Qd3 h6 25. b3 Qe4 26. Kf1 Qxd3+ 27. cxd3 Kf8 28. Ng1 Re7 29. Ne2 Ke8 30. Ke1 Kd7 31. Kd1 Kc6 32. Nf4 Re5 33. g4 g6 34. Nh3 h5 35. Bf4 hxg4 36. Bxe5 gxh3 37. Ke2 Kd5 38. Bf4 b5 39. Kf3 c4 40. bxc4+ bxc4 41. dxc4+ Kxc4 42. Kg3 Kc3 43. Kxh3 d3 44. Kg4 d2 45. Bxd2+ Kxd2 46. Kg5 a5 47. Kf6 a4 48. Kxf7 a3 49. Kxg6 a2 50. h5 a1=Q 51. Kh7 Qa7+ 52. Kg8 Qb8+ 53. Kg7 Qc7+ 54. Kg6 Qd6+ 55. Kg7 Qe7+ 56. Kg6 Qe8+ 57. Kg5 Kd3 58. f4 Ke4 0-1